Dược lâm sàng và điều trị : Giáo trình giảng dạy đại học
Nội dung sách bao gồm 37 bài và 7 Phụ lục hướng dẫn chẩn đoán và điều trị một số bệnh lý về Huyết học - Truyền máu. Trong đó, tập trung vào hướng dẫn thực hành chẩn đoán và điều trị, vì vậy sẽ rất hữu ích cho các thầy thuốc đa khoa...
Guardat en:
| Autor principal: | |
|---|---|
| Altres autors: | |
| Format: | Llibre |
| Idioma: | Vietnamese |
| Publicat: |
H.
Y học
2023
|
| Edició: | Tái bản lần thứ 1 |
| Matèries: | |
| Etiquetes: |
Afegir etiqueta
Sense etiquetes, Sigues el primer a etiquetar aquest registre!
|
| Thư viện lưu trữ: | Thư viện Trường Đại học Nam Cần Thơ |
|---|
| LEADER | 01481nam a22002297a 4500 | ||
|---|---|---|---|
| 001 | NCT_149628 | ||
| 008 | 230407b xxu||||| |||| 00| 0 vie d | ||
| 999 | |c 7716 |d 7716 | ||
| 020 | |a 9786046659822 |c 375000 | ||
| 082 | 0 | 4 | |2 23rd ed. |a 615 |b Kh452 |
| 100 | 1 | |a Nguyễn Ngọc Khôi |e Chủ biên | |
| 245 | 1 | 0 | |a Dược lâm sàng và điều trị : |b Giáo trình giảng dạy đại học |c Nguyễn Ngọc Khôi, Đặng Nguyễn Đoan Trang (Chủ biên) |
| 250 | |a Tái bản lần thứ 1 | ||
| 260 | |a H. |b Y học |c 2023 | ||
| 300 | |a 739 tr. |b minh họa |c 27cm | ||
| 500 | |a ĐTTS ghi: Đại học Y dược Tp. Hồ Chí Minh. Bộ môn Dược lâm sàng | ||
| 520 | 3 | |a Nội dung sách bao gồm 37 bài và 7 Phụ lục hướng dẫn chẩn đoán và điều trị một số bệnh lý về Huyết học - Truyền máu. Trong đó, tập trung vào hướng dẫn thực hành chẩn đoán và điều trị, vì vậy sẽ rất hữu ích cho các thầy thuốc đa khoa, chuyên khoa trong thực hành lâm sàng hàng ngày. | |
| 653 | |a Dược học | ||
| 700 | 1 | |a Đặng Nguyễn Đoan Trang |e Chủ biên | |
| 942 | |2 ddc |c BK | ||
| 952 | |0 0 |1 0 |2 ddc |4 0 |6 615_000000000000000_KH452 |7 0 |9 27592 |a 000001 |b 000001 |d 2023-05-13 |o 615 Kh452 |p MD.21801 |r 2023-05-13 |v 375000.00 |w 2023-05-13 |y BK | ||
| 980 | |a Thư viện Trường Đại học Nam Cần Thơ | ||


